000 00391nam a2200145Ia 4500
008 230917s9999||||xx |||||||||||||| ||und||
040 _e207372
_aMAIN
041 _aEnglish
082 _a660.6024576 K124M
100 _aKalaichelvan, P T
245 0 _aMicrobiology and Biotechnology: A laboratory manual
260 _aChennai
_bMJP Publishers
_c2008
300 _axv, 250 p.
942 _cBK
999 _c171509
_d171509